[Event "8th RTU Open 2018"]
[Site "Riga"]
[Date "2018.08.11"]
[Round "8"]
[White "Berzinsh, Roland"]
[Black "Lobanov, Sergei"]
[Result "0-1"]
[WhiteElo "2408"]
[BlackElo "2531"]
[Annotator "TA"]
[PlyCount "92"]
[EventDate "2018.08.06"]
[EventType "swiss"]
[EventCountry "LAT"]
[SourceTitle "playchess.com"]
[Source "ChessBase"]
[SourceQuality "1"]

{[%evp 20,92,1,1,2,1,14,18,10,23,23,0,13,-7,0,-2,6,0,16,-12,0,-47,-51,-43,-38,-74,-76,-70,-70,-62,-35,-45,27,24,27,23,25,18,47,47,39,29,45,36,37,0,0,-58,-60,-125,-70,-79,-93,-68,-94,-87,-87,-140,-87,-101,0,0,0,0,0,0,0,-118,-133,-383,-401,-29962,-29955,-29963,-5958]} 1. d4 Nf6 2. Bf4 e6 3. e3 c5 4. Nf3 Nc6 5. Nbd2 d5 6. c3 cxd4 7. exd4 {D02: 1 d4 d5 2 Nf3 sidelines, including 2...Nf6 3 g3 and 2...Nf6 3 Bf4} Nh5 8. Bg5 (8. Be3 Bd6 9. Bd3 Nf4 10. Bxf4 Bxf4 11. g3 Bd6 12. O-O O-O 13. Re1 Bd7 14. h4 h6 {1-0 (44) Caruana,F (2822)-Aronian,L (2767) chess.com INT 2018}) 8... f6 9. Be3 Bd6 10. Bb5 O-O 11. O-O {LiveBook: 5 Games} Nf4 12. Re1 a6 13. Bf1 Ng6 $146 {[%cal Bf4g6,Bg6e7,Be7d5,Bd5c3][%mdl 32]} ({Predecessor:} 13... Ne7 14. g3 Nfg6 {1-0 (36) Soysal,S (2367)-Fuentes Godoy,L (2069) Barbera del Valles 2017}) 14. c4 dxc4 15. Bxc4 b5 16. Bb3 Na5 17. Ne4 Nxb3 18. Qxb3 Ne7 19. Bd2 Nd5 20. Nc3 (20. h4 {is interesting.} Qe7 21. Rac1 Bd7 22. h5 a5 23. h6) 20... Nxc3 21. Bxc3 Re8 22. d5 {[%cal Rd5e6]} e5 23. a3 Bb7 24. Rad1 Kh8 25. Nd2 {[%cal Bf3d2,Bd2c4,Bc4d6][%mdl 32]} f5 {[#]} (25... Re7 $15) 26. Nc4 $1 $11 {[%cal Rc4e5][%mdl 512]} e4 (26... bxc4 27. Qxb7) 27. Nxd6 Qxd6 28. Bb4 Qd7 29. Qe3 Rac8 30. h4 Qf7 31. d6 f4 32. Qd4 Qd7 33. f3 ({White should play} 33. Rc1 $11) 33... exf3 $15 {[%cal Be4f3,Bf3g2][%mdl 32] Threatens to win with ...Rc2.} 34. Re7 (34. Bc3 $15 Re2 35. Rxe2 fxe2 36. Re1) 34... Qg4 $17 {[%csl Gb7,Gf3][%cal Rg4g2]} 35. Qf2 $1 {Black must now prevent d7.} fxg2 36. Qd4 Rxe7 37. dxe7 Bc6 $1 38. Bc3 Re8 (38... Rg8 $142 $1 39. Re1 a5) 39. Re1 {[#]} Qg6 (39... Rg8 $1 $17 {aiming for ...b4.} 40. Bd2 Qxh4 41. Qxf4 Qh1+ 42. Kf2 Qh5) 40. Qxf4 $11 {Intending Qf8+ and mate.} Kg8 $36 {[%mdl 2048] Black has the initiative.} 41. Qe5 Qf7 42. h5 h6 43. Qc5 {[#]} (43. Qe6 $11) 43... Bd5 $1 $17 44. Rd1 $2 (44. Qd6 $17 {was necessary.}) 44... Be4 $19 45. Qe5 (45. Bb4 $19 a5 46. Qd4 Qxh5 47. Bd6) 45... Rxe7 46. Rd8+ Kh7 {Precision: White = 46%, Black = 73%.} 0-1

[Event "8th RTU Open 2018"]
[Site "Riga"]
[Date "2018.08.11"]
[Round "8"]
[White "Bernotas, Arturs"]
[Black "Annaberdiev, Meilis"]
[Result "0-1"]
[WhiteElo "2406"]
[BlackElo "2509"]
[Annotator "TA"]
[PlyCount "78"]
[EventDate "2018.08.06"]
[EventType "swiss"]
[EventCountry "LAT"]
[SourceTitle "playchess.com"]
[Source "ChessBase"]
[SourceQuality "1"]

{[%evp 33,78,0,0,-25,-19,-31,-29,-28,-30,-41,-35,-38,-39,-49,-40,-39,-31,-36,-11,-60,-58,-61,-42,-47,28,27,22,22,131,-225,-227,-525,-520,-512,-504,-447,-445,-391,-376,-504,-491,-695,-668,-1000,-135,-322,-356]} 1. e4 c5 2. Nf3 g6 3. c4 Nc6 4. d4 cxd4 5. Nxd4 Nf6 6. Nc3 Nxd4 7. Qxd4 d6 8. Be2 Bg7 9. Be3 O-O 10. Qd2 a5 11. f3 a4 12. Rc1 Qa5 13. O-O Be6 14. Rfd1 {B36: Sicilian: Maroczy Bind: Gurgenidze System} Rfc8 15. Nb5 Qxd2 16. Rxd2 Nd7 17. Nd4 Nc5 {[#] LiveBook: 9 Games} 18. Rdc2 $146 ({Predecessor:} 18. Kf2 Bd7 19. g4 a3 20. b3 b5 21. Rdd1 bxc4 22. Bxc4 {1-0 (59) Alekseev,E (2636)-Lintchevski,D (2522) St Petersburg 2016}) 18... Bd7 19. g4 Na6 20. Rd2 {[%cal Bc2d2,Bd2d1,Bd1c1,Bc1c5][%mdl 32]} b5 {[%cal Bb7b5,Bb5b4,Bb4b3][%mdl 32]} 21. Rdd1 b4 22. Rb1 Nc5 23. Kf2 b3 {White must now prevent ...a3.} 24. a3 Nb7 25. Rdc1 Na5 26. Nb5 Be6 {[%cal Ra5c4]} 27. c5 dxc5 $1 28. Rxc5 Nc4 (28... Rxc5 $15 29. Bxc5 Bc4) 29. Nc7 $1 $11 {[%cal Rc7a8]} Nxe3 30. Kxe3 Bd7 {[#]} (30... h5 $11) 31. Rd1 $2 {[%mdl 8192]} (31. Ba6 $1 $16 {is necessary to keep the advantage.}) 31... Bxb2 $19 32. Nxa8 $2 (32. Rxd7 {is the only way for White.} Bxa3 33. Rc6) 32... Rxc5 33. Rxd7 Bxa3 34. Rb7 Rc3+ 35. Kd2 Rc2+ 36. Kd3 Bc1 37. Nc7 (37. Bd1 $142 Rd2+ 38. Kc4) 37... Rd2+ 38. Ke3 Rd8+ $2 (38... a3 39. Bc4 a2) 39. Kf2 {[#]} a3 $1 {Precision: White = 48%, Black = 48%.} 0-1

[Event "8th RTU Open 2018"]
[Site "Riga"]
[Date "2018.08.11"]
[Round "8"]
[White "Gokerkan, Cem Kaan"]
[Black "Manafov, Vugar Gulam"]
[Result "1-0"]
[WhiteElo "2404"]
[BlackElo "2215"]
[Annotator "NA"]
[PlyCount "45"]
[EventDate "2018.08.06"]
[EventType "swiss"]
[EventCountry "LAT"]
[SourceTitle "playchess.com"]
[Source "ChessBase"]
[SourceQuality "1"]
[TimeControl "5400+30"]

1. e4 {[%emt 0:00:00]} Nf6 {[%emt 0:00:00]} 2. e5 {[%emt 0:00:02]} Nd5 {[%emt 0:00:00]} 3. d4 {[%emt 0:00:09]} d6 {[%emt 0:00:00]} 4. c4 {[%emt 0:00:07]} Nb6 {[%emt 0:00:00]} 5. exd6 {[%emt 0:00:21]} cxd6 {[%emt 0:00:00]} 6. Nc3 {[%emt 0:00:12]} g6 {[%emt 0:00:00]} 7. Be3 {[%emt 0:01:11]} Bg7 {[%emt 0:00:03]} 8. Rc1 {[%emt 0:00:27]} O-O {[%emt 0:00:08]} 9. b3 {[%emt 0:00:53]} Bf5 {[%emt 0:00:06]} 10. h3 {[%emt 0:01:44]} d5 {[%emt 0:00:14]} 11. c5 {[%emt 0:00:28]} Nc8 {[%emt 0:00:20]} 12. Nge2 {[%emt 0:00:54]} Nc6 {[%emt 0:03:10]} 13. g4 {[%emt 0:03:25]} Be4 {[%emt 0:01:01]} 14. Nxe4 {[%emt 0:00:45]} dxe4 {[%emt 0:00:03]} 15. Bg2 {[%emt 0:11:54]} f5 {[%emt 0:05:39]} 16. gxf5 {[%emt 0:07:38]} gxf5 {[%emt 0:00:08]} 17. d5 {[%emt 0:22:04]} Nb4 {[%emt 0:04:23]} 18. Nf4 {[%emt 0:01:50]} Be5 {[%emt 0:04:03]} 19. Rg1 {[%emt 0:06:42]} Bxf4 {[%emt 0:08:15]} 20. Bf1+ {[%emt 0:05:10]} Kh8 {[%emt 0:00:11]} 21. Bxf4 {[%emt 0:01:52]} Qxd5 {[%emt 0:01:55]} 22. Bc4 {[%emt 0:01:29]} Nd3+ {[%emt 0:05:02]} 23. Qxd3 {[%emt 0:00:32]} 1-0

[Event "8th RTU Open 2018"]
[Site "Riga"]
[Date "2018.08.11"]
[Round "8"]
[White "Lagunow, Raphael"]
[Black "Sergienko, Sergey"]
[Result "1-0"]
[WhiteElo "2404"]
[BlackElo "2327"]
[Annotator "NA"]
[PlyCount "123"]
[EventDate "2018.08.06"]
[EventType "swiss"]
[EventCountry "LAT"]
[SourceTitle "playchess.com"]
[Source "ChessBase"]
[SourceQuality "1"]
[TimeControl "5400+30"]

1. e4 {[%emt 0:00:00]} c5 {[%emt 0:00:00]} 2. Nf3 {[%emt 0:00:02]} a6 3. c3 {[%emt 0:03:30]} d6 {[%emt 0:00:17]} 4. d4 {[%emt 0:00:19]} Qc7 {[%emt 0:00:18]} 5. h3 {[%emt 0:02:30]} g6 {[%emt 0:01:25]} 6. Bd3 {[%emt 0:07:06]} Bg7 {[%emt 0:03:59]} 7. O-O {[%emt 0:01:00]} Nd7 {[%emt 0:09:01]} 8. Re1 {[%emt 0:11:17]} e5 {[%emt 0:01:09]} 9. dxe5 {[%emt 0:00:30]} Nxe5 {[%emt 0:02:21]} 10. Bf4 {[%emt 0:07:24]} Ne7 {[%emt 0:00:57]} 11. a4 {[%emt 0:00:48]} O-O {[%emt 0:03:12]} 12. Na3 {[%emt 0:12:04]} Be6 {[%emt 0:01:58]} 13. Bxe5 {[%emt 0:00:07]} dxe5 {[%emt 0:02:40]} 14. Bc4 {[%emt 0:01:03]} Rad8 {[%emt 0:05:17]} 15. Qb3 {[%emt 0:01:28]} Bc8 {[%emt 0:02:04]} 16. Rad1 {[%emt 0:00:57]} Nc6 {[%emt 0:03:05]} 17. Bd5 {[%emt 0:02:13]} Bf6 {[%emt 0:23:11]} 18. Nc4 {[%emt 0:00:30]} Rfe8 {[%emt 0:00:58]} 19. Bxc6 {[%emt 0:17:00]} bxc6 {[%emt 0:03:10]} 20. Qa3 {[%emt 0:02:27]} Qe7 {[%emt 0:15:33]} 21. Na5 {[%emt 0:00:26]} Rxd1 {[%emt 0:00:26]} 22. Rxd1 Rd8 {[%emt 0:00:01]} 23. Rxd8+ {[%emt 0:03:57]} Qxd8 24. Qxc5 {[%emt 0:01:23]} Qd1+ {[%emt 0:01:50]} 25. Kh2 {[%emt 0:12:51]} Qc1 26. Qe3 {[%emt 0:00:04]} Qxb2 {[%emt 0:02:17]} 27. Nxc6 {[%emt 0:00:23]} Qa3 28. a5 {[%emt 0:00:30]} Qd6 {[%emt 0:03:09]} 29. Qb6 Kg7 30. c4 {[%emt 0:02:15]} Qd3 {[%emt 0:02:53]} 31. Nfxe5 {[%emt 0:04:41]} Qxe4 {[%emt 0:00:33]} 32. Qe3 {[%emt 0:00:05]} Qxe3 {[%emt 0:03:35]} 33. fxe3 {[%emt 0:00:01]} Bg5 {[%emt 0:00:07]} 34. e4 {[%emt 0:01:52]} Kf6 {[%emt 0:02:14]} 35. Nd3 {[%emt 0:00:35]} Ke6 {[%emt 0:02:28]} 36. e5 {[%emt 0:00:20]} Be3 {[%emt 0:02:17]} 37. Kg3 {[%emt 0:01:00]} Kd7 {[%emt 0:00:17]} 38. Ncb4 {[%emt 0:00:28]} Bb7 {[%emt 0:02:24]} 39. Nd5 {[%emt 0:01:20]} Bd2 {[%emt 0:00:58]} 40. Nc5+ {[%emt 0:00:07]} Kc6 {[%emt 0:00:59]} 41. Nb3 {[%emt 0:00:01]} Bg5 {[%emt 0:01:12]} 42. Kf3 {[%emt 0:00:55]} Bd8 {[%emt 0:00:11]} 43. Ke4 {[%emt 0:00:42]} Bc8 {[%emt 0:00:21]} 44. Kd4 {[%emt 0:01:20]} h5 {[%emt 0:00:42]} 45. Nb4+ {[%emt 0:00:12]} Kd7 {[%emt 0:00:29]} 46. c5 {[%emt 0:02:23]} f6 {[%emt 0:01:16]} 47. c6+ {[%emt 0:01:04]} Ke8 {[%emt 0:00:06]} 48. Nd5 {[%emt 0:00:37]} fxe5+ {[%emt 0:00:27]} 49. Kxe5 {[%emt 0:00:23]} Bh4 {[%emt 0:00:26]} 50. Nb6 {[%emt 0:01:48]} Bf5 {[%emt 0:00:23]} 51. Nd4 {[%emt 0:00:49]} Bg3+ {[%emt 0:00:42]} 52. Kd5 {[%emt 0:00:30]} Bb1 {[%emt 0:00:45]} 53. Ne6 {[%emt 0:00:25]} Ba2+ {[%emt 0:00:23]} 54. Nc4 {[%emt 0:00:01]} Be1 {[%emt 0:00:15]} 55. Nc7+ {[%emt 0:00:32]} Kd8 {[%emt 0:00:07]} 56. Nxa6 {[%emt 0:00:03]} Bxa5 {[%emt 0:00:44]} 57. Kc5 {[%emt 0:00:09]} Bc7 {[%emt 0:00:33]} 58. Nxc7 {[%emt 0:01:34]} Kxc7 {[%emt 0:00:02]} 59. Nd6 {[%emt 0:00:05]} Be6 {[%emt 0:00:55]} 60. Nb5+ {[%emt 0:00:14]} Kc8 {[%emt 0:01:18]} 61. Kd6 {[%emt 0:01:05]} Bf5 {[%emt 0:00:14]} 62. Nc3 {[%emt 0:00:34]} 1-0

[Event "8th RTU Open 2018"]
[Site "Riga"]
[Date "2018.08.11"]
[Round "8"]
[White "Lapshun, Yury"]
[Black "Vaishali R"]
[Result "0-1"]
[WhiteElo "2403"]
[BlackElo "2294"]
[Annotator "NA"]
[PlyCount "150"]
[EventDate "2018.08.06"]
[EventType "swiss"]
[EventCountry "LAT"]
[SourceTitle "playchess.com"]
[Source "ChessBase"]
[SourceQuality "1"]
[TimeControl "5400+30"]

1. c4 {[%emt 0:13:53]} e5 {[%emt 0:00:00]} 2. g3 {[%emt 0:00:15]} Nf6 {[%emt 0:00:00]} 3. Bg2 {[%emt 0:00:03]} c6 {[%emt 0:00:00]} 4. Nf3 {[%emt 0:00:36]} e4 {[%emt 0:00:02]} 5. Nd4 {[%emt 0:00:04]} Qb6 {[%emt 0:00:05]} 6. e3 {[%emt 0:00:32]} d5 {[%emt 0:00:24]} 7. d3 {[%emt 0:03:15]} Bg4 {[%emt 0:03:47]} 8. Qc2 {[%emt 0:00:06]} Na6 {[%emt 0:01:55]} 9. dxe4 {[%emt 0:04:02]} Nb4 {[%emt 0:01:38]} 10. Qb3 {[%emt 0:00:03]} dxe4 {[%emt 0:03:04]} 11. Nc3 {[%emt 0:05:48]} c5 {[%emt 0:13:50]} 12. Nc2 {[%emt 0:07:44]} Nd3+ {[%emt 0:01:38]} 13. Kf1 {[%emt 0:00:09]} Bf3 {[%emt 0:14:02]} 14. Bxf3 {[%emt 0:15:02]} exf3 {[%emt 0:00:07]} 15. Nd5 {[%emt 0:02:22]} Nxd5 {[%emt 0:09:03]} 16. Qxd3 {[%emt 0:00:49]} Nf6 {[%emt 0:00:06]} 17. Qf5 {[%emt 0:01:02]} Qe6 {[%emt 0:06:14]} 18. Qxe6+ {[%emt 0:00:17]} fxe6 {[%emt 0:00:02]} 19. Ne1 {[%emt 0:00:27]} e5 {[%emt 0:01:30]} 20. Nxf3 {[%emt 0:00:06]} e4 {[%emt 0:00:04]} 21. Nd2 {[%emt 0:04:09]} O-O-O {[%emt 0:07:00]} 22. Ke2 {[%emt 0:00:43]} Bd6 {[%emt 0:02:11]} 23. Rb1 {[%emt 0:02:36]} Rd7 {[%emt 0:03:35]} 24. Rd1 {[%emt 0:01:37]} Be5 {[%emt 0:02:14]} 25. f4 {[%emt 0:03:29]} exf3+ {[%emt 0:03:29]} 26. Nxf3 {[%emt 0:01:17]} Re7 {[%emt 0:00:20]} 27. b4 {[%emt 0:03:14]} cxb4 {[%emt 0:01:00]} 28. Rxb4 {[%emt 0:04:57]} Rhe8 {[%emt 0:00:14]} 29. Rd3 {[%emt 0:00:26]} Ne4 {[%emt 0:05:53]} 30. Bb2 {[%emt 0:05:29]} Bxb2 {[%emt 0:14:25]} 31. Rxb2 {[%emt 0:00:06]} Nc5 {[%emt 0:00:03]} 32. Ra3 {[%emt 0:00:11]} Re4 {[%emt 0:00:40]} 33. Rc2 {[%emt 0:00:47]} a6 {[%emt 0:00:22]} 34. Rc1 {[%emt 0:00:49]} h6 {[%emt 0:00:41]} 35. Nd2 {[%emt 0:01:29]} R4e6 {[%emt 0:00:21]} 36. Rd1 {[%emt 0:00:40]} Rb6 {[%emt 0:03:04]} 37. Ra5 {[%emt 0:03:37]} Rc6 {[%emt 0:00:19]} 38. Nf3 {[%emt 0:03:05]} Ne4 {[%emt 0:01:24]} 39. Rc1 {[%emt 0:03:14]} Rf6 {[%emt 0:02:29]} 40. Re5 {[%emt 0:08:36]} Rxe5 {[%emt 0:00:21]} 41. Nxe5 {[%emt 0:00:02]} Rf2+ {[%emt 0:00:09]} 42. Kd3 {[%emt 0:00:04]} Nc5+ {[%emt 0:00:07]} 43. Kd4 {[%emt 0:00:09]} b6 {[%emt 0:00:19]} 44. Rb1 {[%emt 0:02:28]} Rd2+ {[%emt 0:01:11]} 45. Kc3 {[%emt 0:00:02]} Ne4+ {[%emt 0:00:32]} 46. Kb4 {[%emt 0:00:46]} Rxh2 {[%emt 0:01:22]} 47. Rf1 {[%emt 0:01:09]} Kc7 {[%emt 0:00:57]} 48. a4 {[%emt 0:01:11]} Rb2+ {[%emt 0:00:37]} 49. Ka3 {[%emt 0:00:03]} Re2 {[%emt 0:00:09]} 50. Rf7+ {[%emt 0:01:10]} Kd6 {[%emt 0:00:02]} 51. Nd7 {[%emt 0:00:37]} Rxe3+ {[%emt 0:00:24]} 52. Kb4 {[%emt 0:00:20]} Nc5 {[%emt 0:02:01]} 53. Nxb6 {[%emt 0:00:23]} Rxg3 {[%emt 0:00:30]} 54. Nc8+ {[%emt 0:00:01]} Ke6 {[%emt 0:00:26]} 55. Re7+ {[%emt 0:00:08]} Kf6 {[%emt 0:00:05]} 56. Kxc5 {[%emt 0:00:06]} h5 {[%emt 0:00:22]} 57. Re8 {[%emt 0:00:36]} h4 {[%emt 0:00:18]} 58. Nd6 {[%emt 0:00:07]} Rg1 {[%emt 0:00:36]} 59. Kb6 {[%emt 0:01:58]} g5 {[%emt 0:00:45]} 60. Rh8 {[%emt 0:00:32]} Kg7 {[%emt 0:00:13]} 61. Re8 {[%emt 0:00:27]} h3 {[%emt 0:00:16]} 62. Re2 {[%emt 0:00:11]} g4 {[%emt 0:01:07]} 63. c5 {[%emt 0:00:28]} Rg2 {[%emt 0:00:49]} 64. Re1 {[%emt 0:00:50]} h2 {[%emt 0:00:07]} 65. Rh1 {[%emt 0:00:09]} Kg6 {[%emt 0:00:36]} 66. c6 {[%emt 0:00:27]} g3 {[%emt 0:00:30]} 67. Ne4 {[%emt 0:01:04]} Rb2+ {[%emt 0:00:08]} 68. Kxa6 {[%emt 0:00:24]} g2 {[%emt 0:00:06]} 69. Rxh2 {[%emt 0:00:02]} Rb6+ {[%emt 0:00:16]} 70. Kxb6 {[%emt 0:00:36]} g1=Q+ {[%emt 0:00:03]} 71. Nc5 {[%emt 0:01:01]} Qxh2 {[%emt 0:00:04]} 72. c7 {[%emt 0:00:09]} Qd6+ {[%emt 0:00:35]} 73. Kb7 {[%emt 0:00:05]} Qxc5 {[%emt 0:00:31]} 74. c8=Q {[%emt 0:00:06]} Qb4+ {[%emt 0:00:01]} 75. Ka7 {[%emt 0:00:11]} Qxa4+ {[%emt 0:00:04]} 0-1

[Event "8th RTU Open 2018"]
[Site "Riga"]
[Date "2018.08.11"]
[Round "8"]
[White "Pershin, Denis"]
[Black "Pogan, Nikolas"]
[Result "1-0"]
[WhiteElo "2403"]
[BlackElo "2255"]
[Annotator "NA"]
[PlyCount "147"]
[EventDate "2018.08.06"]
[EventType "swiss"]
[EventCountry "LAT"]
[SourceTitle "playchess.com"]
[Source "ChessBase"]
[SourceQuality "1"]
[TimeControl "5400+30"]

1. d4 {[%emt 0:00:00]} Nf6 {[%emt 0:08:52]} 2. Nc3 {[%emt 0:00:52]} d5 {[%emt 0:01:21]} 3. Bf4 {[%emt 0:00:06]} c6 {[%emt 0:00:10]} 4. e3 {[%emt 0:00:27]} Bf5 {[%emt 0:00:10]} 5. f3 {[%emt 0:00:14]} Nbd7 {[%emt 0:00:58]} 6. g4 {[%emt 0:00:07]} Bg6 {[%emt 0:00:05]} 7. h4 {[%emt 0:00:04]} h5 {[%emt 0:00:20]} 8. g5 {[%emt 0:00:05]} Ng8 {[%emt 0:00:04]} 9. Bd3 {[%emt 0:00:10]} Bxd3 {[%emt 0:00:21]} 10. Qxd3 {[%emt 0:00:06]} g6 {[%emt 0:00:26]} 11. e4 {[%emt 0:00:50]} e6 {[%emt 0:00:05]} 12. O-O-O {[%emt 0:02:48]} Ne7 {[%emt 0:01:30]} 13. Bd6 {[%emt 0:04:02]} Nc8 {[%emt 0:18:36]} 14. Bxf8 {[%emt 0:01:32]} Kxf8 {[%emt 0:00:26]} 15. f4 {[%emt 0:00:05]} Nd6 {[%emt 0:04:48]} 16. Nf3 {[%emt 0:04:47]} Qa5 {[%emt 0:04:45]} 17. Kb1 {[%emt 0:04:34]} Nb6 {[%emt 0:03:46]} 18. Ne5 {[%emt 0:00:20]} Rd8 {[%emt 0:10:24]} 19. Rhf1 {[%emt 0:06:43]} dxe4 {[%emt 0:13:15]} 20. Nxe4 {[%emt 0:00:05]} Nxe4 {[%emt 0:00:03]} 21. Qxe4 {[%emt 0:00:06]} Nc8 {[%emt 0:00:40]} 22. Nc4 {[%emt 0:08:57]} Qd5 {[%emt 0:01:08]} 23. Qe5 {[%emt 0:01:37]} Qxe5 {[%emt 0:00:48]} 24. fxe5 {[%emt 0:01:20]} Kg7 {[%emt 0:01:01]} 25. Rf4 {[%emt 0:01:48]} Rhf8 {[%emt 0:00:08]} 26. Rdf1 {[%emt 0:01:31]} Rd7 {[%emt 0:01:31]} 27. c3 {[%emt 0:03:52]} b5 {[%emt 0:01:29]} 28. Na5 {[%emt 0:00:36]} Ne7 {[%emt 0:00:06]} 29. Nb3 {[%emt 0:00:33]} Nf5 {[%emt 0:00:25]} 30. Nc5 {[%emt 0:02:41]} Rd5 {[%emt 0:00:02]} 31. b4 {[%emt 0:00:24]} Ra8 {[%emt 0:03:37]} 32. Nb7 {[%emt 0:01:29]} Rd7 {[%emt 0:00:17]} 33. Na5 {[%emt 0:00:10]} Rc8 {[%emt 0:00:39]} 34. R1f3 {[%emt 0:00:11]} Kf8 {[%emt 0:01:03]} 35. Kb2 {[%emt 0:00:19]} a6 {[%emt 0:02:19]} 36. Nb3 {[%emt 0:00:59]} Kg7 {[%emt 0:00:34]} 37. a4 {[%emt 0:00:59]} Ra7 {[%emt 0:02:25]} 38. Kc2 {[%emt 0:01:37]} Rcc7 {[%emt 0:01:08]} 39. Kd2 {[%emt 0:00:40]} Kf8 {[%emt 0:01:41]} 40. Ke2 {[%emt 0:00:49]} Ke8 {[%emt 0:00:01]} 41. Kf2 {[%emt 0:05:03]} Ra8 {[%emt 0:00:34]} 42. Kg1 {[%emt 0:01:23]} Raa7 {[%emt 0:00:01]} 43. Kh2 {[%emt 0:00:11]} Ra8 {[%emt 0:00:35]} 44. Kh3 {[%emt 0:00:07]} Raa7 {[%emt 0:00:02]} 45. Rf1 {[%emt 0:01:26]} Ne3 {[%emt 0:00:56]} 46. Ra1 {[%emt 0:00:13]} Nd5 {[%emt 0:11:49]} 47. Rf3 {[%emt 0:00:37]} Nb6 {[%emt 0:00:03]} 48. Nc5 {[%emt 0:00:42]} Nxa4 {[%emt 0:03:22]} 49. Nxa4 {[%emt 0:00:06]} bxa4 {[%emt 0:00:02]} 50. Rxa4 {[%emt 0:00:04]} Kd8 {[%emt 0:01:51]} 51. Kg3 {[%emt 0:01:49]} Kc8 {[%emt 0:00:02]} 52. Kf4 {[%emt 0:00:15]} Kb7 {[%emt 0:00:09]} 53. Ke4 {[%emt 0:00:52]} Rd7 {[%emt 0:02:40]} 54. Kd3 {[%emt 0:03:30]} Kb6 {[%emt 0:00:19]} 55. Kc4 {[%emt 0:00:09]} Rd5 {[%emt 0:01:03]} 56. Rf1 {[%emt 0:00:17]} Rdd7 {[%emt 0:00:11]} 57. Ra5 {[%emt 0:00:59]} Rd8 {[%emt 0:01:31]} 58. Rfa1 {[%emt 0:00:07]} Rdd7 {[%emt 0:00:05]} 59. Kd3 {[%emt 0:00:31]} Kb7 {[%emt 0:00:15]} 60. Ke4 {[%emt 0:00:26]} Ra8 {[%emt 0:00:15]} 61. Ke3 {[%emt 0:00:08]} Rd5 {[%emt 0:01:00]} 62. c4 {[%emt 0:03:08]} Rxa5 {[%emt 0:00:57]} 63. bxa5 {[%emt 0:00:04]} Kc7 {[%emt 0:01:13]} 64. Rf1 {[%emt 0:00:09]} Rf8 {[%emt 0:00:16]} 65. Kd3 {[%emt 0:00:05]} Kd7 {[%emt 0:00:20]} 66. Rb1 {[%emt 0:00:09]} Kc7 {[%emt 0:00:08]} 67. Kc3 {[%emt 0:00:44]} Rd8 {[%emt 0:01:38]} 68. Rb6 {[%emt 0:01:12]} c5 {[%emt 0:00:30]} 69. dxc5 {[%emt 0:00:18]} Rd1 {[%emt 0:00:34]} 70. Rxa6 {[%emt 0:00:06]} Rf1 {[%emt 0:00:29]} 71. Ra7+ {[%emt 0:00:54]} Kc6 {[%emt 0:00:03]} 72. a6 {[%emt 0:00:08]} Kxc5 {[%emt 0:00:39]} 73. Rc7+ {[%emt 0:00:06]} Kb6 {[%emt 0:00:03]} 74. a7 {[%emt 0:00:09]} 1-0

[Event "8th RTU Open 2018"]
[Site "Riga"]
[Date "2018.08.11"]
[Round "8"]
[White "Martin, Julian"]
[Black "Laurusas, Tomas"]
[Result "0-1"]
[WhiteElo "2392"]
[BlackElo "2463"]
[Annotator "ChessBase"]
[PlyCount "88"]
[EventDate "2018.08.06"]
[EventType "swiss"]
[EventCountry "LAT"]
[SourceTitle "playchess.com"]
[Source "ChessBase"]
[SourceQuality "1"]
[TimeControl "5400+30"]

1. e4 {[%emt 0:03:32]} c5 {[%emt 0:00:00]} 2. Nf3 {[%emt 0:00:22]} e6 {[%emt 0:00:00]} 3. d4 {[%emt 0:00:05]} cxd4 {[%emt 0:00:00]} 4. Nxd4 {[%emt 0:00:04]} Nf6 {[%emt 0:00:00]} 5. Nc3 {[%emt 0:00:05]} d6 {[%emt 0:00:00]} 6. g3 {[%emt 0:01:26]} Bd7 {[%emt 0:00:04]} 7. Bg2 {[%emt 0:01:12]} Nc6 {[%emt 0:00:05]} 8. Ndb5 {[%emt 0:01:00]} Qb8 {[%emt 0:00:15]} 9. O-O {[%emt 0:00:07]} a6 {[%emt 0:01:30]} 10. Nd4 {[%emt 0:00:17]} Be7 {[%emt 0:00:10]} 11. Nxc6 {[%emt 0:02:15]} Bxc6 {[%emt 0:00:36]} 12. a4 {[%emt 0:00:05]} b5 {[%emt 0:08:02]} 13. axb5 {[%emt 0:27:13]} axb5 {[%emt 0:00:12]} 14. Rxa8 {[%emt 0:00:27]} Qxa8 {[%emt 0:03:04]} 15. Qd3 {[%emt 0:00:24]} Qb7 {[%emt 0:20:16]} 16. Re1 {[%emt 0:29:33]} O-O {[%emt 0:03:57]} 17. Ne2 {[%emt 0:02:06]} Nxe4 {[%emt 0:02:47]} 18. Nd4 {[%emt 0:02:17]} Nxf2 {[%emt 0:00:56]} 19. Qf1 {[%emt 0:03:01]} Bxg2 {[%emt 0:01:59]} 20. Qxg2 {[%emt 0:00:02]} Qxg2+ {[%emt 0:00:15]} 21. Kxg2 {[%emt 0:00:08]} Ng4 {[%emt 0:00:16]} 22. Nxb5 {[%emt 0:00:34]} d5 {[%emt 0:05:08]} 23. Bf4 {[%emt 0:00:29]} g5 {[%emt 0:02:12]} 24. Bc7 {[%emt 0:00:15]} Ra8 {[%emt 0:00:27]} 25. Re2 {[%emt 0:01:10]} Ra1 {[%emt 0:10:30]} 26. Bb6 {[%emt 0:02:57]} Nf6 {[%emt 0:02:56]} 27. b3 {[%emt 0:01:00]} Nd7 {[%emt 0:04:20]} 28. Bd4 {[%emt 0:01:40]} Ra5 {[%emt 0:00:04]} 29. Nc3 {[%emt 0:04:14]} Nb8 {[%emt 0:00:27]} 30. Bb6 Ra6 {[%emt 0:00:03]} 31. Nxd5 {[%emt 0:04:26]} exd5 {[%emt 0:00:16]} 32. Rxe7 {[%emt 0:00:08]} Rxb6 {[%emt 0:00:04]} 33. Re5 {[%emt 0:00:02]} h6 {[%emt 0:02:56]} 34. Rxd5 {[%emt 0:00:04]} Kf8 {[%emt 0:00:04]} 35. h4 {[%emt 0:00:38]} gxh4 {[%emt 0:00:24]} 36. g4 {[%emt 0:00:11]} Ke7 {[%emt 0:00:56]} 37. Kh3 {[%emt 0:00:46]} Nd7 {[%emt 0:00:37]} 38. Rd4 {[%emt 0:00:34]} Rc6 {[%emt 0:01:23]} 39. c4 {[%emt 0:00:58]} Rb6 {[%emt 0:00:08]} 40. Rd3 {[%emt 0:00:05]} Nc5 {[%emt 0:00:04]} 41. Re3+ {[%emt 0:00:06]} Kf6 {[%emt 0:00:06]} 42. Rf3+ {[%emt 0:00:43]} Kg6 {[%emt 0:00:16]} 43. Kxh4 {[%emt 0:00:05]} Rxb3 {[%emt 0:00:57]} 44. Rf5 {[%emt 0:00:14]} Ne6 {[%emt 0:00:25]} 0-1